| 000 | 00000nam##2200000za#4500 |
| 001 | 9.576995 |
| 003 | CaOODSP |
| 005 | 20210624185413 |
| 007 | cr ||||||||||| |
| 008 | 150406|1990||||xxc|||||o f|0| 0 eng|d |
| 040 | |aCaOODSP|beng |
| 043 | |an-cn--- |
| 086 | 1 |aFs97-13/798E-PDF |
| 110 | 1 |aCanada. |bDepartment of Fisheries and Oceans. |
| 245 | 10|aPrimary production in the Northern Sargasso Sea in September 1988 / |h[electronic resource]|cby B. Irwin ... [et al.] |
| 260 | |aDartmouth - Nova Scotia : |bFisheries and Oceans Canada |c1990. |
| 300 | |a99p. |
| 490 | 1 |aCanadian data report of fisheries and aquatic sciences|vNo. 798 |
| 500 | |aOn t.p.: Bedford Institute of Oceanography, Dartmouth, Nova Scotia. Catalogue number of the print edition appears in the PDF version. |
| 546 | |a(Résumé en français) |
| 590 | |a13-19-Supp|b2013-08-14 |
| 720 | 1 |aIrwin, B. |
| 830 | #0|aCanadian data report of fisheries and aquatic sciences ;|vNo. 798|w(CaOODSP)9.505124 |
| 856 | 40|ahttp://publications.gc.ca|qPDF|s1942 KB|uhttps://publications.gc.ca/collections/collection_2013/mpo-dfo/Fs97-13-798-eng.pdf|yNo. 798 |